Continent's Highest Mountain Quiz Stats

 Plays Quiz not verified by Sporcle

Also try: Wrong Color Flags
Challenge
Share
Tweet
Embed
Score 0/7 Timer 03:00
0 Plays Today
Continent Mountain % Correct
Asiaeverest
98%
Africakilimanjaro
78.8%
North Americamckinley
75.8%
Europeelbrus
58.6%
South Americaaconcagua
51.5%
Antarcticavinson massif
34.3%
Australiakosciusko
12.1%

You're not logged in!

Compare scores with friends on all Sporcle quizzes.
Join for Free
OR
Log In

You Might Also Like...

Show Comments

Extras

Top Quizzes Today


Score Distribution

Your Account Isn't Verified!

In order to create a playlist on Sporcle, you need to verify the email address you used during registration. Go to your Sporcle Settings to finish the process.

Report this User

Report this user for behavior that violates our Community Guidelines.

Details: